| 000 | 01400nam a2200325 i 4500 | ||
|---|---|---|---|
| 001 | bg | ||
| 100 | 1 | _aPopczyk, Jacek. | |
| 245 | 1 | 0 |
_aZabezpieczenia i izolacje : _b[instrukcja]. _nZ.8, _pBezspoinowy system ocieplania ścian zewnętrnych budynków / _caut. Jacek Popczyk] ; Instytut Techniki Budowlanej. |
| 260 |
_aWarszawa : _bInstytut Techniki Budowlanej, _c2007. |
||
| 300 |
_a62, [1] s. : _bil. ; _c24 cm. |
||
| 490 | 1 |
_aInstrukcje. Wytyczne. Poradniki / Instytut Techniki Budowlanej ; _aWarunki techniczne wykonania i odbioru robót budowlanych ; _v418/2008 _vCz. C |
|
| 490 | 1 |
_aWarunki techniczne wykonania i odbioru robót budowlanych ; _vCz. C |
|
| 500 | _aNiniejsza instrukcja zastępuje Instrukcję 418/2006. | ||
| 650 | 9 |
_aIzolacje cieplne _xbudownictwo |
|
| 650 | 9 |
_aŚciany zewnętrzne _xmateriały |
|
| 655 | _aInstrukcje | ||
| 830 | 0 |
_aInstrukcje. Wytyczne. Poradniki - Instytut Techniki Budowlanej ; _v418/2008 |
|
| 830 | _aWarunki techniczne wykonania i odbioru robót budowlanych ; | ||
| 020 | _a8372706607 (całość) | ||
| 020 | _a9788324911929 (z. 8) | ||
| 040 | _cBPK | ||
| 041 | 0 | _apol | |
| 044 | _aPOL | ||
| 080 | _a692.2:698.8](083.1) | ||
| 920 | _a83-7270-660-7 (całość) | ||
| 920 | _a978-83-249-1192-9 (z. 8) | ||
| 942 | _cKS | ||
| 008 | s pl f |000 0 pol | ||
| 999 |
_c55002 _d55002 |
||
| 856 |
_uhttp://koha.tu.koszalin.pl/cgi-bin/koha/opac-detail.pl?biblionumber=55002 _yKatalog online BPK |
||